书目信息 |
| 题名: |
钛合金在俄罗斯飞机及航空航天上的应用
|
|
| 作者: | 莫依谢耶夫 著 ;张胜 , 郭德伦 , 董宝明 译 | |
| 分册: | ||
| 出版信息: | 北京 航空工业出版社 2008.09 |
|
| 页数: | 155页 | |
| 开本: | 26cm | |
| 丛书名: | ||
| 单 册: | ||
| 中图分类: | V252.2 | |
| 科图分类: | ||
| 主题词: | 钛合金--tai he jin--航空材料--应用--研究--俄罗斯 | |
| 电子资源: | ||
| ISBN: | 978-7-80243-186-7 | |
| 000 | 01257nam0 2200277 450 | |
| 001 | 012009524062 | |
| 005 | 20090506081346.20 | |
| 010 | @a978-7-80243-186-7@dCNY29.00 | |
| 100 | @a20090506d2008 em y0chi0120 ea | |
| 101 | 1 | @achi@crus |
| 102 | @aCN@b110000 | |
| 105 | @aak z 000yy | |
| 106 | @ar | |
| 200 | 1 | @a钛合金在俄罗斯飞机及航空航天上的应用@Atai he jin zai e luo si fei ji ji hang kong hang tian shang de ying yong@f瓦利金 N.莫依谢耶夫著@Fwa li jin N.mo yi xie ye fu zhu@g董宝明 ... [等] 译@Gdong bao ming...[deng]yi |
| 210 | @a北京@c航空工业出版社@d2008.09 | |
| 215 | @a155页@c图@d26cm | |
| 304 | @a题名页题 : 董宝明, 张胜, 郭德伦, 梁慧凤译 | |
| 330 | @a本书系统地阐述了俄罗斯钛合金的理论基础以及组织与性能的关系,着重讨论了钛合金化学成分、热处理规范与钛合金组织结构和性能变化的一般规律,并且提供了各种钛合金的化学成分、物理化学性能、力学性能,以及长期积累的大量钛合金图、表和常用技术数据。 | |
| 606 | 0 | @a钛合金@Atai he jin@x航空材料@x应用@x研究@y俄罗斯 |
| 690 | @aV252.2@v4 | |
| 701 | 1 | @a莫依谢耶夫@Amo yi xie ye fu@g(Moiseyev, Valentin N.)@4著 |
| 702 | 0 | @a张胜@Azhang sheng@4译 |
| 702 | 0 | @a郭德伦@Aguo de lun@4译 |
| 702 | 0 | @a董宝明@Adong bao ming@4译 |
| 801 | 0 | @aCN@bQSSK@c20090506 |
| 905 | @b742714-16@dV252.2@eM897@f3 | |
| 钛合金在俄罗斯飞机及航空航天上的应用/瓦利金 N.莫依谢耶夫著/董宝明 ... [等] 译.-北京:航空工业出版社,2008.09 |
| 155页:图;26cm |
| ISBN 978-7-80243-186-7:CNY29.00 |
| 本书系统地阐述了俄罗斯钛合金的理论基础以及组织与性能的关系,着重讨论了钛合金化学成分、热处理规范与钛合金组织结构和性能变化的一般规律,并且提供了各种钛合金的化学成分、物理化学性能、力学性能,以及长期积累的大量钛合金图、表和常用技术数据。 |
| ● |
| 相关链接 |
|
|
|
正题名:钛合金在俄罗斯飞机及航空航天上的应用
索取号:V252.2/M897
 
预约/预借
| 序号 | 登录号 | 条形码 | 馆藏地/架位号 | 状态 | 备注 |
| 1 | 742714 | 207427140 | 自科库501/501自科库 89排1列2层/ [索取号:V252.2/M897] | 在馆 | |
| 2 | 742715 | 207427159 | 期刊室512/501自科库 89排1列2层/ [索取号:V252.2/M897] | 在馆 | |
| 3 | 742716 | 207427168 | 自科库501/501自科库 89排1列2层/ [索取号:V252.2/M897] | 在馆 |